书目信息 |
| 题名: |
甲午战前钓鱼列屿归属考
|
|
| 作者: | 吴天颖 著 | |
| 分册: | ||
| 出版信息: | 北京 华语教学出版社 2016 |
|
| 页数: | 16,254页,[10]页图版 | |
| 开本: | 24cm | |
| 丛书名: | ||
| 单 册: | ||
| 中图分类: | D829.13 , D829.313 | |
| 科图分类: | ||
| 主题词: | 中日关系--钓鱼岛问题--研究--日文 | |
| 电子资源: | ||
| ISBN: | 978-7-5138-1238-2 | |
| 000 | 01199nam0 2200265 450 | |
| 001 | 0120162037757 | |
| 005 | 20170908091303.96 | |
| 010 | @a978-7-5138-1238-2@dCNY89.00 | |
| 100 | @a20161121d2016 em y0chiy50 ea | |
| 101 | 0 | @ajpn@gchi |
| 102 | @aCN@b110000 | |
| 105 | @aabf z 000yy | |
| 106 | @ar | |
| 200 | 1 | @a甲午战前钓鱼列屿归属考@9jia wu zhan qian diao yu lie yu gui shu kao@f吴天颖著 |
| 205 | @a增订版 | |
| 210 | @a北京@c华语教学出版社@d2016 | |
| 215 | @a16,254页,[10]页图版@c图,地图@d24cm | |
| 330 | @a《甲午战前钓鱼列屿归属考》1994年出第1版,经新闻出版广电总局批复(出版管字[2013]942号),2013年出增订版,本书为增订版的日文版。本书是我国第一部研究钓鱼岛列屿归属的专著,对大量中外文献史料舆图进行详细梳理,以日本方面的诸多主要观点作为讨论和批驳的对象,在客观叙述钓鱼岛自古以来就是我国神圣领土的同时,深刻分析了日本窃取钓鱼岛的历史经纬。我社推出增订版的日文版,旨在让更多日本人认清钓鱼岛历史的真相,以及日本践踏世界反法西斯战争成果的事实。 | |
| 333 | @a政治研究者 | |
| 606 | 0 | @a中日关系@x钓鱼岛问题@x研究@x日文 |
| 690 | @aD829.13@v5 | |
| 690 | @aD829.313@v5 | |
| 701 | 0 | @a吴天颖@9wu tian ying@4著 |
| 801 | 0 | @aCN@b人天书店@c20161121 |
| 905 | @b993770-75@dD829.13@e166=2@f6 | |
| 甲午战前钓鱼列屿归属考/吴天颖著.-增订版.-北京:华语教学出版社,2016 |
| 16,254页,[10]页图版:图,地图;24cm |
| 使用对象:政治研究者 |
| ISBN 978-7-5138-1238-2:CNY89.00 |
| 《甲午战前钓鱼列屿归属考》1994年出第1版,经新闻出版广电总局批复(出版管字[2013]942号),2013年出增订版,本书为增订版的日文版。本书是我国第一部研究钓鱼岛列屿归属的专著,对大量中外文献史料舆图进行详细梳理,以日本方面的诸多主要观点作为讨论和批驳的对象,在客观叙述钓鱼岛自古以来就是我国神圣领土的同时,深刻分析了日本窃取钓鱼岛的历史经纬。我社推出增订版的日文版,旨在让更多日本人认清钓鱼岛历史的真相,以及日本践踏世界反法西斯战争成果的事实。 |
| ● |
| 相关链接 |
|
|
|
|
正题名:甲午战前钓鱼列屿归属考
索取号:D829.13/166=2
 
预约/预借
| 序号 | 登录号 | 条形码 | 馆藏地/架位号 | 状态 | 备注 |
| 1 | 993770 | 209937700 | 第一样本阅览室/ [索取号:D829.13/166=2] | 在馆 | |
| 2 | 993771 | 209937719 | 第一借阅区/ [索取号:D829.13/166=2] | 在馆 | |
| 3 | 993772 | 209937728 | 第一借阅区/ [索取号:D829.13/166=2] | 在馆 | |
| 4 | 993773 | 209937737 | 第一借阅区/ [索取号:D829.13/166=2] | 在馆 | |
| 5 | 993774 | 209937746 | 第一借阅区/ [索取号:D829.13/166=2] | 在馆 | |
| 6 | 993775 | 209937755 | 史法系资料室/ [索取号:D829.13/166=2] | 在馆 |